[Event "London"]
[Site "London"]
[Date "1986.??.??"]
[Round "9"]
[White "Ribli, Zoltan"]
[Black "Short, Nigel D"]
[Result "1/2-1/2"]
[WhiteElo "2585"]
[BlackElo "2585"]
[Annotator "ChessBase"]
[PlyCount "73"]
[EventDate "1986.03.??"]
[EventType "tourn"]
[EventRounds "13"]
[EventCountry "ENG"]
[EventCategory "13"]
[SourceTitle "MCL"]
[Source "ChessBase"]
[SourceDate "1999.07.01"]
[SourceVersion "1"]
[SourceVersionDate "1999.07.01"]
[SourceQuality "1"]

1. Nf3 d5 2. d4 Nf6 3. c4 e6 4. Nc3 Be7 5. Bg5 O-O 6. e3 h6 7. Bh4 b6 8. Be2
Bb7 9. Bxf6 Bxf6 10. cxd5 exd5 11. b4 c5 12. bxc5 bxc5 13. Rb1 Bc6 14. O-O Nd7
15. Bb5 Qc7 16. Qc2 Rab8 17. dxc5 Bxc3 (17... Nxc5 $5 18. Bxc6 Qxc6 19. Nd4
Bxd4 20. exd4 Ne4 21. Rfc1 Rxb1 22. Nxb1 Qxc2 23. Rxc2 Rb8 $10) 18. Bxc6 Qxc6
19. Qxc3 Qxc5 20. Qd3 (20. Qxc5 Nxc5 21. Nd4 Rfc8 $10) 20... Rxb1 21. Rxb1 Rc8
22. Nd4 g6 23. g3 Nf6 24. Qa6 Ne4 25. Kg2 Nd6 26. Rb3 Kg7 27. Qa4 Kg8 28. Rb4
h5 29. Qb3 Nc4 30. Rb8 Nb6 31. Rxc8+ Qxc8 32. Qa3 Qd7 33. Qc5 h4 34. Qc6 Qe7
35. gxh4 Qxh4 36. Qe8+ Kg7 37. Qe5+ 1/2-1/2

[Event "Candidates Tournament Montpellier"]
[Site "Montpellier"]
[Date "1985.10.??"]
[Round "4"]
[White "Vaganian, Rafael A"]
[Black "Beliavsky, Alexander G"]
[Result "1/2-1/2"]
[WhiteElo "2625"]
[BlackElo "2640"]
[Annotator "ChessBase"]
[PlyCount "49"]
[EventDate "1985.10.13"]
[EventType "tourn"]
[EventRounds "15"]
[EventCountry "FRA"]
[EventCategory "14"]
[SourceTitle "Candidates"]
[Source "ChessBase"]
[SourceDate "1999.07.01"]
[SourceVersion "2"]
[SourceVersionDate "1999.07.01"]
[SourceQuality "1"]

1. d4 d5 2. c4 e6 3. Nf3 Nf6 4. Nc3 Be7 5. Bg5 h6 6. Bh4 O-O 7. e3 b6 8. Rc1
Bb7 9. Be2 dxc4 10. Bxc4 Nbd7 11. O-O c5 12. Qe2 cxd4 13. Nxd4 a6 14. Rfd1 Qe8
15. a4 Nc5 16. Bg3 Nfe4 17. Nxe4 Nxe4 18. Be5 Bf6 19. Bc7 Qxa4 20. f3 (20. Bxb6
Rfc8 $13) 20... Bxd4 21. exd4 (21. Rxd4 Qc6 22. Be5 Qc5 23. Rxe4 Bxe4 24. Bd4
Qc7 25. fxe4 b5 26. Qg4 e5 27. Qg3 Rae8 $17 {Beliavsky}) 21... Nf6 22. Bxb6 Bd5
23. Bc5 Rfb8 24. Bd3 a5 25. Qf2 1/2-1/2

[Event "World Cup"]
[Site "Rotterdam"]
[Date "1989.??.??"]
[Round "?"]
[White "Karpov, Anatoly"]
[Black "Short, Nigel D"]
[Result "1/2-1/2"]
[WhiteElo "2750"]
[BlackElo "2650"]
[Annotator "ChessBase"]
[PlyCount "167"]
[EventDate "1989.06.??"]
[EventType "tourn"]
[EventRounds "15"]
[EventCountry "NED"]
[EventCategory "15"]
[SourceTitle "CBM 013"]
[Source "ChessBase"]
[SourceDate "1989.12.01"]
[SourceVersion "1"]
[SourceVersionDate "1989.12.01"]
[SourceQuality "1"]

1. d4 e6 2. c4 Nf6 3. Nf3 d5 4. Nc3 Be7 5. Bg5 h6 6. Bh4 O-O 7. e3 b6 8. Bd3
Bb7 9. Bxf6 Bxf6 10. cxd5 exd5 11. Rc1 c5 12. O-O Nd7 13. Bb1 g6 $1 {N} 14. Qa4
Re8 15. Rfd1 cxd4 16. exd4 Nf8 17. Bd3 a6 18. Qb3 Rc8 19. Na4 Re6 20. Bf1 Rd6
21. Qe3 Rxc1 22. Rxc1 Ne6 23. Rd1 Kg7 24. h4 b5 25. Nc3 b4 26. Ne2 Bc8 27. g3
Qe7 28. Nc1 $1 a5 29. Nd3 $1 h5 30. Nde5 Nd8 31. Ng5 Bf5 32. Bg2 Bxg5 33. hxg5
Ne6 34. f4 Qc7 35. Rc1 Qb6 36. Rd1 Rd8 37. Kf2 a4 38. Bf3 b3 $5 39. axb3 axb3
40. Rd2 Qb5 41. Bd1 Rc8 42. Qxb3 Qa5 43. Qe3 Rc1 44. Nd7 Be4 45. Nf6 Qa1 46.
Qb3 Qa5 47. Qe3 Qa1 48. Nxe4 dxe4 49. d5 Nc5 50. Qd4+ Kh7 51. Ke3 Qa6 52. Qf6
Qa7 53. Qd4 Qa6 54. Rf2 $2 Nd3 55. Be2 Re1 56. Qxe4 Qb6+ 57. Kxd3 Qxf2 58. Kd2
Ra1 59. Kc2 Qe1 60. Kb3 Qxg3+ 61. Kc2 {adj; 61.Bd3} Qg1 62. Qe5 Rc1+ 63. Kd3 h4
64. d6 Rc5 65. Qd4 Qb1+ 66. Ke3 Qc1+ 67. Kf3 Rd5 $2 (67... Qh1+ $1 $19 68. Kg4
(68. Kf2 h3 69. Qxc5 h2 $19) 68... Qg2+ 69. Kxh4 Rc1 $19) 68. Qf2 Qh1+ 69. Kg4
Rd2 (69... Rxd6 70. Qxh4+ Qxh4+ 71. Kxh4 Rd2 $10) 70. Bf3 Qc1 71. Qxh4+ Kg8 72.
b3 Qc8+ 73. Kg3 Qc5 74. Qh1 Qxd6 75. Qe1 Rd4 76. Qc1 Rd3 77. Qc8+ Kg7 78. Qc4
Rd4 79. Qc1 f6 80. gxf6+ Kxf6 81. Qc6 Qxc6 82. Bxc6 Kf5 83. Bb5 Rd1 84. Kf3
1/2-1/2

[Event "Moscow"]
[Site "Moscow"]
[Date "1986.??.??"]
[Round "?"]
[White "Raicevic, Vladimir"]
[Black "Geller, Efim P"]
[Result "1/2-1/2"]
[WhiteElo "2485"]
[BlackElo "2525"]
[Annotator "ChessBase"]
[PlyCount "64"]
[EventDate "1986.03.??"]
[EventType "tourn"]
[EventRounds "13"]
[EventCountry "URS"]
[EventCategory "11"]
[SourceTitle "MCL"]
[Source "ChessBase"]
[SourceDate "1999.07.01"]
[SourceVersion "1"]
[SourceVersionDate "1999.07.01"]
[SourceQuality "1"]

1. d4 d5 2. c4 e6 3. Nf3 Nf6 4. Bg5 Be7 5. Nc3 O-O 6. e3 h6 7. Bh4 b6 8. Rc1
Bb7 9. Bxf6 Bxf6 10. cxd5 exd5 11. b4 c5 12. bxc5 bxc5 13. Bb5 Na6 14. O-O Nc7
15. Qa4 cxd4 16. Nxd4 Bxd4 17. Qxd4 Ne6 18. Qe5 a6 19. Ba4 (19. Be2 d4 20. Rfd1
Re8 21. exd4 Ng5 22. Qg3 Rc8 23. Bf1 Ne4 24. Nxe4 Rxc1 25. Rxc1 Rxe4 $10) 19...
d4 20. Rfd1 (20. exd4 Qxd4 $10) 20... Qh4 21. exd4 Nf4 22. d5 Qg4 23. Qe4 Rac8
24. Kf1 a5 25. h3 (25. Qf3 Ba6+ 26. Bb5 Qxf3 27. gxf3 Bxb5+ 28. Nxb5 Rxc1 29.
Rxc1 Nxd5 $10) 25... Qg5 26. Bb5 (26. Rb1 $2 f5 27. Qf3 Rxc3 28. Qxc3 Qxg2+ 29.
Ke1 Qg1+ 30. Kd2 Qxf2+ 31. Kc1 Ne2+ $19) 26... Nxd5 27. Ne2 Ne3+ 28. Qxe3 Qxb5
29. Kg1 Rxc1 30. Rxc1 Re8 31. Nd4 Qd7 32. Rc7 Rxe3 1/2-1/2

[Event "Hoogovens"]
[Site "Wijk aan Zee"]
[Date "1995.01.??"]
[Round "1"]
[White "Hulak, Krunoslav"]
[Black "Lutz, Christopher"]
[Result "0-1"]
[WhiteElo "2530"]
[BlackElo "2580"]
[Annotator "ChessBase"]
[PlyCount "52"]
[EventDate "1995.01.??"]
[EventType "k.o."]
[EventRounds "5"]
[EventCountry "NED"]
[SourceTitle "CBM 045"]
[Source "ChessBase"]
[SourceDate "1995.04.01"]
[SourceVersion "1"]
[SourceVersionDate "1995.04.01"]
[SourceQuality "1"]

1. d4 Nf6 2. Nf3 d5 3. c4 e6 4. Nc3 Be7 5. Bg5 h6 6. Bh4 O-O 7. e3 b6 8. Be2
Bb7 9. Bxf6 Bxf6 10. cxd5 exd5 11. b4 c6 12. O-O a5 13. bxa5 Rxa5 14. Qb3 (14.
a4 Bc8 $1 15. Qc2 Be6 16. Rfc1 Qe7 17. Nd2 $6 c5 18. Nb3 cxd4 $1 19. exd4 Ra8
20. Bf3 Rd8 21. Re1 Qd7 22. Be2 $6 Nc6 23. Bb5 Qd6 24. Qd2 {Nikolic,
P-Beliavsky,A/Tilburg/1993/0-1 (64)}) (14. Rb1 c5 15. Qb3 cxd4 16. exd4 Nd7 17.
Bb5 Nb8 18. a4 Nc6 19. Rfd1 Ne7 20. Bd3 Bc6 21. Re1 Bd7 22. h3 Nc6 23. Nb5 Be6
24. Bc2 {Lobron,E-Van der Sterren,P (1)/Wijk m (1)/1993/1-0 (39)}) 14... Bc8 (
14... Re8 15. a4 Nd7 16. Rab1 Ba6 17. Rfe1 Qa8 18. h3 Bxe2 19. Rxe2 Qa6 20. e4
dxe4 21. Rxe4 Rxe4 22. Nxe4 Be7 23. Nc3 Bd6 24. Re1 {Orr,M-Upton,T/SCO-ch100 
(6/1993/1-0 (34)}) 15. Na4 (15. Bd3 Be6 16. a4 c5 17. Bb5 Na6 18. Rad1 c4 19.
Qb1 Nc7 20. Ne5 Nxb5 21. axb5 Bxe5 22. dxe5 Qa8 23. f4 Ra3 24. Qc2 $10 {
Sokolov,I-Lutz,C/Garmisch-Partenkirchen 25' (09)/1994/0.5 (33)}) 15... Ba6 16.
Bxa6 Nxa6 $1 17. Rab1 (17. Nxb6 $2 Rb5 $18) 17... b5 18. Nb2 (18. Nc5 $2 Nxc5
19. dxc5 Qa8 $17) 18... c5 19. dxc5 $8 (19. a3 c4 $17) 19... Nxc5 20. Qb4 Ne4
21. Nd4 (21. a4 Nc3 22. Ra1 bxa4 23. Nd4 Qc7 24. Nxa4 Bxd4 25. exd4 Rfa8 $19)
21... Bxd4 22. exd4 (22. Qxd4 Rxa2 $17) 22... Rxa2 23. Ra1 (23. Qxb5 Qa8 24.
Qd3 Ra3 25. Qe2 Nc3 $19) 23... Rxa1 24. Rxa1 Qb6 25. f3 (25. Ra5 Rc8 $17) 25...
Ng5 26. Nd3 $2 (26. Rd1 Ne6 $17) 26... Nxf3+ $1 (26... Nxf3+ $1 27. gxf3 Qg6+
28. Kf2 Qxd3 $19) 0-1

[Event "Montreal International"]
[Site "Montreal"]
[Date "1979.04.12"]
[Round "2"]
[White "Hort, Vlastimil"]
[Black "Tal, Mihail"]
[Result "1/2-1/2"]
[WhiteElo "2600"]
[BlackElo "2615"]
[Annotator "ChessBase"]
[PlyCount "39"]
[EventDate "1979.04.11"]
[EventType "tourn"]
[EventRounds "18"]
[EventCountry "CAN"]
[EventCategory "15"]
[SourceTitle "MCL"]
[Source "ChessBase"]
[SourceDate "1999.07.01"]
[SourceVersion "1"]
[SourceVersionDate "1999.07.01"]
[SourceQuality "1"]

1. d4 Nf6 2. c4 e6 3. Nf3 d5 4. Nc3 Be7 5. Bg5 h6 6. Bh4 O-O 7. e3 b6 8. Qb3
Bb7 9. Bxf6 Bxf6 10. cxd5 exd5 11. Be2 {softly} (11. Rd1 {main line} Re8 12.
Bd3 {/\Bb1 (Qc2); e3-e4}) 11... c6 12. O-O Nd7 (12... Na6 13. Rad1 Nc7 14. Rfe1
Ne6 15. e4 dxe4 16. Nxe4 Bxd4 17. Bc4 c5 18. Bxe6 fxe6 19. Qxe6+ Kh7 20. Nxd4
cxd4 21. Qe5 d3 22. Nc3 $10 {Garcia Palermo-Zaitsev,I/Havana/1983/}) 13. Rfe1 (
13. e4 dxe4 14. Nxe4 Be7 {/\Nf6}) 13... Re8 14. e4 Nf8 (14... dxe4 15. Bc4 $36)
15. Rad1 Ne6 (15... dxe4 16. Bc4 $40) 16. e5 (16. exd5 cxd5 $132 {><d4}) 16...
Be7 17. Rd2 Bg5 $1 (17... c5 $2 18. dxc5 Nxc5 19. Qd1 $16 {winning a pawn}) 18.
Rdd1 Be7 19. Rd2 Bg5 20. Rdd1 1/2-1/2

[Event "Baden"]
[Site "Baden"]
[Date "1980.??.??"]
[Round "15"]
[White "Gligoric, Svetozar"]
[Black "Liberzon, Vladimir Mikhailovi"]
[Result "1-0"]
[WhiteElo "2565"]
[BlackElo "2545"]
[Annotator "ChessBase"]
[PlyCount "99"]
[EventDate "1980.??.??"]
[EventType "tourn"]
[EventRounds "15"]
[EventCountry "AUT"]
[EventCategory "12"]
[SourceTitle "MCL"]
[Source "ChessBase"]
[SourceDate "1999.07.01"]
[SourceVersion "1"]
[SourceVersionDate "1999.07.01"]
[SourceQuality "1"]

1. d4 d5 2. c4 e6 3. Nf3 Nf6 4. Nc3 Be7 5. Bg5 h6 6. Bh4 O-O 7. e3 b6 8. Be2
Bb7 9. Bxf6 Bxf6 10. cxd5 exd5 11. O-O Re8 12. Rc1 c6 13. b4 Nd7 14. Qb3 b5 15.
a4 a6 16. a5 Nf8 17. Nd1 Rc8 18. Nb2 Rc7 19. Nd3 Be7 20. Rc2 Bd6 21. Rfc1 Ng6
22. Bf1 Qf6 23. Nfe1 h5 $6 (23... Bc8 $5 {Matanovic}) 24. Rc3 h4 25. Qd1 Ne7
26. Qf3 Qg5 27. Nc5 Bc8 28. Qd1 Qh6 29. Bd3 Ra7 (29... g5 $5 {/\f7-f5 Matanovic
}) 30. Qc2 Bb8 31. Nf3 Qh5 32. Be2 h3 33. g3 Bg4 34. Qd1 Rd8 35. Kh1 $1 Qf5 (
35... Bd6 $5) 36. Nh4 Bxe2 37. Nxf5 Bxd1 38. Nxe7+ Rxe7 39. Rxd1 Ra7 40. Rdc1
Rd6 41. Nd3 Rc7 42. Ne5 Rf6 43. Kg1 Rb7 44. Nd3 (44. Rxc6 $18) 44... Rc7 45.
Kf1 g5 46. Ke2 Kg7 47. Ne5 Rb7 48. Rxc6 Bd6 49. Nd3 Ra7 50. Rb6 1-0

[Event "Bugojno"]
[Site "Bugojno"]
[Date "1986.??.??"]
[Round "9"]
[White "Jussupow, Artur"]
[Black "Karpov, Anatoly"]
[Result "1/2-1/2"]
[WhiteElo "2645"]
[BlackElo "2700"]
[Annotator "ChessBase"]
[PlyCount "45"]
[EventDate "1986.05.??"]
[EventType "tourn"]
[EventRounds "14"]
[EventCountry "YUG"]
[EventCategory "16"]
[SourceTitle "MCL"]
[Source "ChessBase"]
[SourceDate "1999.07.01"]
[SourceVersion "1"]
[SourceVersionDate "1999.07.01"]
[SourceQuality "1"]

1. d4 d5 2. c4 e6 3. Nf3 Nf6 4. Bg5 Be7 5. Nc3 O-O 6. e3 h6 7. Bh4 b6 8. Rc1
Bb7 9. Be2 dxc4 10. Bxc4 Nbd7 11. O-O c5 12. Qe2 a6 13. a4 cxd4 14. Nxd4 Nc5
15. Rfd1 Qe8 16. Bg3 Nfe4 17. Nxe4 Nxe4 18. Be5 Bf6 19. Bxf6 Nxf6 20. Qc2 Rd8
21. Be2 Rd6 (21... e5 22. Nf3 Rxd1+ 23. Rxd1 Qe7 24. Qc3 Re8 $10 {Karpov}) 22.
Qc7 Qb8 (22... Qd7 $2 23. Nxe6 $1) 23. h3 1/2-1/2

[Event "Baden"]
[Site "Baden"]
[Date "1980.??.??"]
[Round "15"]
[White "Gheorghiu, Florin"]
[Black "Beliavsky, Alexander G"]
[Result "0-1"]
[WhiteElo "2605"]
[BlackElo "2590"]
[Annotator "ChessBase"]
[PlyCount "176"]
[EventDate "1980.??.??"]
[EventType "tourn"]
[EventRounds "15"]
[EventCountry "AUT"]
[EventCategory "12"]
[SourceTitle "MCL"]
[Source "ChessBase"]
[SourceDate "1999.07.01"]
[SourceVersion "1"]
[SourceVersionDate "1999.07.01"]
[SourceQuality "1"]

1. d4 d5 2. c4 e6 3. Nc3 Be7 4. Nf3 Nf6 5. Bg5 h6 6. Bh4 O-O 7. e3 b6 8. Bd3
Bb7 9. O-O Nbd7 10. Qe2 c5 11. Rfd1 cxd4 12. exd4 a6 13. a4 (13. b3 Nh5 14. Bg3
(14. Bxe7 Qxe7 15. cxd5 Nf4 16. Qe4 Nxd3 17. d6 Qxd6 18. Qxb7 Rfb8 19. Qe4 Nb4
20. Rac1 Nf6 21. Qe5 Rd8 22. Qxd6 Rxd6 23. a3 Nbd5 24. Nxd5 Nxd5 $10) 14...
Nxg3 15. hxg3 Nf6 16. Ne5 Rc8 $10) 13... Nh5 14. Bg3 Nxg3 15. hxg3 Nf6 16. Ne5
dxc4 17. Nxc4 (17. Bxc4 $14) 17... b5 $1 18. axb5 axb5 19. Nxb5 Rxa1 20. Rxa1
Bc6 21. Ne5 Bxb5 22. Bxb5 Qxd4 23. Nc6 Qd6 24. Rd1 Qc7 25. Nxe7+ Qxe7 26. Bc4
h5 27. Qd2 Rb8 28. b3 Ng4 29. Qd4 Qa3 30. Be2 Nf6 31. Bc4 Ra8 32. f3 (32. Rb1
Qa2 33. Qb2 Qxb2 34. Rxb2 Ra1+ 35. Bf1 {/\b4}) 32... Qa5 33. Qe3 g6 34. Qd2 Qc7
35. Qd6 Qb7 36. Kh2 (36. b4 $5) 36... Kg7 37. Qe5 Ra2 38. Kh3 Qa7 39. Qd4 Qc7
40. Rd2 Ra7 41. Re2 (41. Qd8 $5) 41... Qa5 42. Kh2 Rd7 43. Qe5 Qd8 44. Re4 Kg8
45. Re2 Kh7 46. Ra2 Ng8 47. Qe3 Nh6 48. Ra7 Rxa7 49. Qxa7 Qd6 50. Qe3 Nf5 51.
Qf4 Qb6 52. Qd2 (52. g4 $5 hxg4 53. Qxg4 Qf2 54. b4 Ne3 55. Qh3+ Kg7 56. Ba6
Qe1 57. Qg3 Qxb4 58. Qe5+ Kf8 59. Qxe3 Qd6+ 60. f4 Qxa6 61. g4 Ke7 $15) 52...
Qc5 53. Qd7 Kg8 54. Qd8+ Kg7 55. Qd2 Qe5 56. Qf4 Qc3 57. Qe4 (57. g4 hxg4 58.
Qxg4 Nd4 59. Qe4 Nxb3 60. Bxb3 Qxb3 61. g4 $15) 57... Qd2 58. Qe5+ Kf8 59. Qb8+
Ke7 60. Qc7+ Kf6 61. Qf4 Qf2 62. g4 g5 63. Qe4 Qg3+ 64. Kg1 hxg4 65. fxg4 Ne3
66. Qd4+ (66. Qf3+ Qxf3 67. gxf3 Nxc4 68. bxc4 Ke5 $19) 66... Qe5 67. Qxe5+
Kxe5 68. Be2 Kd4 69. Kf2 Nd5 70. Kf3 Nb4 71. Bb5 Nd3 72. Be8 Ne5+ 73. Ke2 Kc3
74. Ke3 Nxg4+ $19 75. Kf3 f5 76. Ke2 Nf6 77. Bg6 f4 78. g3 e5 79. gxf4 gxf4 80.
Bf7 e4 81. Bg6 (81. Be6 Nh5 82. Kf2 Ng3 83. Bc4 Kd2 84. b4 Nh1+ 85. Kg2 f3+ 86.
Kxh1 e3 87. b5 e2 $19) 81... f3+ 82. Kf2 (82. Ke3 Ng4+ 83. Kxe4 f2 $19) 82...
Ng4+ 83. Ke1 Kd3 84. Be8 f2+ 85. Kf1 e3 86. Bb5+ Kd2 87. b4 Nh2+ 88. Kg2 e2 0-1

[Event "Baden"]
[Site "Baden"]
[Date "1980.??.??"]
[Round "7"]
[White "Gheorghiu, Florin"]
[Black "Byrne, Robert Eugene"]
[Result "1/2-1/2"]
[WhiteElo "2605"]
[BlackElo "2530"]
[Annotator "ChessBase"]
[PlyCount "93"]
[EventDate "1980.??.??"]
[EventType "tourn"]
[EventRounds "15"]
[EventCountry "AUT"]
[EventCategory "12"]
[SourceTitle "MCL"]
[Source "ChessBase"]
[SourceDate "1999.07.01"]
[SourceVersion "1"]
[SourceVersionDate "1999.07.01"]
[SourceQuality "1"]

1. d4 Nf6 2. c4 e6 3. Nf3 d5 4. Nc3 Be7 5. Bg5 O-O 6. e3 h6 7. Bh4 b6 8. Bd3
Bb7 9. O-O Nbd7 10. Qe2 c5 11. Rfd1 dxc4 12. Bxc4 Ne4 13. Nxe4 Bxh4 14. d5 exd5
15. Bxd5 Bxd5 16. Rxd5 Qe7 17. Nd6 Bf6 18. Rad1 Ne5 19. Nxe5 Bxe5 20. Nc4 Bf6
21. Rd7 Qe4 $6 (21... Qe6 $142) 22. f3 Qh4 23. a4 Rfe8 (23... Rfd8 24. b3 Rxd7
25. Rxd7 g6 26. g3 Qh3 27. Qd3 Qe6 28. Kg2 $16) 24. b3 Re6 25. Qf2 Kf8 (25...
a6 26. Qxh4 Bxh4 27. Rb7 $18) 26. Qxh4 Bxh4 27. g3 Bf6 28. Rb7 Re7 29. Rdd7
Rxd7 30. Rxd7 Rd8 31. Rxa7 Rd3 32. Rb7 Rxb3 33. a5 Rc3 34. Nxb6 $18 Ra3 35. Ra7
(35. Nc4 $5 Ra4 36. Nd6 Rxa5 37. Rxf7+ Kg8 38. Rc7 Ra1+ 39. Kg2 Ra2+ 40. Kh3
$18) 35... Bd8 36. Nd7+ $2 (36. Nc4 $142 Ra1+ 37. Kg2 Ra2+ 38. Kh3 f5 (38...
Ra4 39. Nd6 $18) 39. Nd6 g6 40. Rf7+ Kg8 41. Rd7 Bxa5 42. Ra7 Ra1 43. Nb7 Bc3
44. Rxa1 Bxa1 45. Nxc5 {Kovacevic}) 36... Ke8 37. Nxc5 Rxe3 38. Nb7 Be7 39. Kg2
Re2+ 40. Kh3 f5 41. a6 (41. Ra6 Rb2 42. Nd6+ $1 (42. Rb6 $4 Rxb6 43. axb6 Bb4
$19) 42... Bxd6 43. Rxd6 Ra2 44. a6 Kf7 45. Rd7+ Kf6 46. a7 g5 $10) 41... Ra2
42. g4 f4 43. Ra8+ Kf7 44. a7 Kf6 45. Nd6 Bxd6 46. Rd8 Rxa7 47. Rxd6+ 1/2-1/2

[Event "URS-ch51 Final"]
[Site "Lvov"]
[Date "1984.04.13"]
[Round "8"]
[White "Eingorn, Vereslav S"]
[Black "Lputian, Smbat G"]
[Result "1-0"]
[WhiteElo "2475"]
[BlackElo "2540"]
[Annotator "ChessBase"]
[PlyCount "155"]
[EventDate "1984.04.03"]
[EventType "tourn"]
[EventRounds "17"]
[EventCountry "URS"]
[EventCategory "10"]
[SourceTitle "URS-ch"]
[Source "ChessBase"]
[SourceDate "1999.07.01"]
[SourceVersion "1"]
[SourceVersionDate "1999.07.01"]
[SourceQuality "1"]

1. d4 Nf6 2. Nf3 e6 3. c4 d5 4. Bg5 Be7 5. Nc3 h6 6. Bh4 O-O 7. e3 b6 8. Rc1
Bb7 9. Be2 Nbd7 10. cxd5 exd5 11. Qa4 c5 12. O-O a6 13. dxc5 bxc5 14. Rfd1 Qb6
15. Qb3 Qxb3 16. axb3 Rfe8 17. Bg3 Bf8 18. Ne1 Re6 19. Bf3 Nb6 20. h3 (20. Bc7
Rc8 21. Bxb6 Rxb6 22. Nxd5 Nxd5 23. Bxd5 Bxd5 24. Rxd5 Rxb3 $10) 20... g5 21.
Bh2 Rd8 (21... Rc8 $5) 22. Nd3 Rd7 (22... h5 $5 {Eingorn}) 23. Na4 Nxa4 24.
bxa4 c4 25. Ne1 (25. Ne5 Rde7 26. Ng4 Ne4 27. Bxe4 dxe4 28. Rd6 (28. Bd6 Rd7
29. Bxf8 Rxd1+ 30. Rxd1 Kxf8 31. Rd4 h5 32. Nh2 Rb6 $132) 28... Bg7 29. Rxc4 f5
30. Rb4 Rxd6 31. Bxd6 Rd7 32. Nh2 Bc6 33. Bc5 Rd2 34. b3 Rc2 35. Bd4 $16) 25...
Bc6 26. Ra1 Rb7 27. Nc2 Bc5 (27... Rxb2 $142) 28. Ra2 a5 29. Nd4 Bxd4 30. Rxd4
Kf8 31. Bd1 Ke7 32. Bc2 Bd7 33. Rd2 Kd8 34. Bg3 Kc8 35. Kf1 Kd8 36. Ke2 Kc8 37.
f3 Rb4 38. Rd1 Rb7 39. Be1 Reb6 40. Bc3 Ra6 41. g4 (41. Bxf6 Rxf6 42. Rxd5 $16)
41... Kd8 42. h4 Ke7 43. hxg5 hxg5 44. Rh1 Be6 45. Rh6 Nxg4 46. Rxe6+ $1 fxe6
47. fxg4 Kd6 48. Ra1 Rab6 49. Rf1 (49. Bxa5 $142 Rxb2 50. Kd2 Rf7 51. Kc3 $18)
49... Rxb2 $5 50. Bxb2 Rxb2 51. Kd2 Ke7 52. Rh1 Ra2 53. Rh5 Kf6 54. Rh6+ Ke7
55. Rg6 Ra1 56. Rxg5 Rg1 57. Rg8 Rg2+ 58. Kc3 Re2 59. e4 d4+ 60. Kxd4 Rxc2 61.
Rg5 c3 62. Rxa5 Rc1 63. Ke5 Ra1 (63... Kf7 $142 64. Rc5 c2 65. a5 Ra1 66. Rc7+
Kg6 67. Rxc2 Rxa5+ 68. Kxe6 $16 {Eingorn}) 64. Rc5 Rxa4 65. Rc7+ Ke8 66. g5 c2
67. g6 $18 Ra1 68. Rxc2 Kf8 69. Rc7 Kg8 70. Kxe6 Rg1 71. g7 Re1 72. e5 Ra1 73.
Rd7 Ra2 74. Kd6 Rd2+ 75. Ke7 Ra2 76. Rd1 Re2 77. e6 Ra2 78. Rf1 1-0

[Event "GER-ch61 (FRG-19)"]
[Site "Bad Neuenahr"]
[Date "1984.06.??"]
[Round "?"]
[White "Bischoff, Klaus"]
[Black "Lobron, Eric"]
[Result "0-1"]
[WhiteElo "2395"]
[BlackElo "2520"]
[Annotator "ChessBase"]
[PlyCount "78"]
[EventDate "1984.06.12"]
[EventType "swiss"]
[EventRounds "11"]
[EventCountry "GER"]
[SourceTitle "EXT 1999"]
[Source "ChessBase"]
[SourceDate "1998.11.16"]
[SourceVersion "1"]
[SourceVersionDate "1998.11.16"]
[SourceQuality "1"]

1. d4 d5 2. c4 e6 3. Nc3 Nf6 4. Bg5 Be7 5. Nf3 h6 6. Bh4 O-O 7. e3 b6 8. Bxf6
Bxf6 9. cxd5 exd5 10. Qd2 Be6 11. Rd1 Qe7 12. g3 Rd8 13. Bg2 c5 14. O-O Nc6 15.
Ne2 Bf5 16. Rc1 Be4 17. Rfd1 Rac8 18. dxc5 (18. b3 $5) 18... bxc5 19. Nc3 Bxc3
$1 20. Rxc3 (20. Qxc3 $2 Nb4 21. Qa3 Rc6 22. Qa4 Rb8 23. a3 Ra6 24. Qb3 c4 25.
Qc3 Na2 $19) (20. bxc3 $5) 20... d4 $1 21. exd4 Nxd4 22. Nxd4 (22. Qe3 Qb7 $17)
22... Bxg2 $1 (22... Rxd4 $2 23. Qxd4 $1 cxd4 24. Rxc8+ Kh7 25. Bxe4+ Qxe4 26.
Rd8 $14) 23. Nf5 (23. Kxg2 Qb7+ 24. Rf3 (24. Kg1 Rxd4 {><b2}) 24... cxd4 $1 (
24... Rxd4 25. Qe2 Rxd1 26. Qxd1 Qxb2 27. Rxf7 $1 Kxf7 28. Qd7+ $13) 25. b3 d3
{/\Rc2}) 23... Qf6 24. Rd3 Rxd3 25. Qxd3 Bh3 26. Nd6 Rb8 27. b3 a5 28. Nc4 (28.
f4 $5) 28... a4 $1 29. Ne3 (29. bxa4 Qc6 30. Ne3 Qxa4 $15) 29... Qf3 (29...
axb3 $5) 30. bxa4 c4 31. Qc2 $2 (31. Nxc4 $4 Qxd3 32. Rxd3 Rb1+ $19) (31. Qxc4
$142 Rb2 32. Qf4 Qxf4 33. gxf4 Rxa2 34. f3 Rxa4 35. f5 Ra2 $17) 31... Re8 32.
a5 Bc8 33. h4 Bb7 34. Kh2 Be4 35. Qd2 c3 36. Qe1 f5 (36... c2 $1) 37. Qf1 Rb8
38. Nc4 c2 39. Rc1 Rb1 0-1

[Event "Biel-17 GM"]
[Site "Biel"]
[Date "1984.08.03"]
[Round "11"]
[White "Ftacnik, Lubomir"]
[Black "Lobron, Eric"]
[Result "1/2-1/2"]
[WhiteElo "2570"]
[BlackElo "2520"]
[Annotator "ChessBase"]
[PlyCount "76"]
[EventDate "1984.07.22"]
[EventType "tourn"]
[EventRounds "11"]
[EventCountry "SUI"]
[EventCategory "10"]
[SourceTitle "MCL"]
[Source "ChessBase"]
[SourceDate "1999.07.01"]
[SourceVersion "1"]
[SourceVersionDate "1999.07.01"]
[SourceQuality "1"]

1. Nf3 e6 2. c4 Nf6 3. Nc3 d5 4. d4 Be7 5. Bg5 h6 6. Bh4 O-O 7. Rc1 b6 8. e3
Bb7 9. Be2 Nbd7 10. cxd5 exd5 11. O-O c6 12. Qc2 (12. a3 $5 {Ftacnik}) 12...
Re8 13. Rfd1 Nf8 14. Bxf6 (14. Qb1 $5 {/\b2-b4}) 14... Bxf6 15. b4 a6 (15...
Ne6 $5 16. b5 c5 17. dxc5 bxc5 18. Nxd5 Bxd5 19. Bc4 Nd4 $1 20. exd4 Bxf3 21.
gxf3 Bxd4 $13 {Ftacnik}) 16. a4 Ne6 17. Rb1 Rc8 (17... Re7 $5 18. e4 (18. Ne1
$5) 18... dxe4 19. Nxe4 Bxd4 20. Bc4 c5 $15) 18. a5 b5 (18... bxa5 19. bxa5 Rb8
20. Rb6 Nc7 21. Rdb1 Nb5 $13) 19. Na2 Rc7 20. Nc1 Be7 21. Nd3 Bd6 22. Rb3 (22.
Nfe5 $142 $1) 22... Ng5 23. Nxg5 (23. Nc5 $5) 23... hxg5 24. g3 g6 25. Rc3 Kg7
26. Bf3 Qe7 27. Rc1 Bxb4 28. Nxb4 Qxb4 29. Bxd5 Qxa5 30. Rc5 Rcc8 31. Bxc6 Bxc6
32. Rxc6 Rxc6 33. Qxc6 Re6 34. Qc2 Qd8 35. Qb2 Rb6 36. d5+ Kh7 37. Qd4 b4 38.
Rc6 Rxc6 (38... Rxc6 39. dxc6 Qxd4 40. exd4 b3 41. c7 b2 42. c8=Q b1=Q+ 43. Kg2
Qe4+ $10) 1/2-1/2

[Event "URS-ch50 Final"]
[Site "Moscow"]
[Date "1983.04.09"]
[Round "6"]
[White "Romanishin, Oleg M"]
[Black "Beliavsky, Alexander G"]
[Result "1/2-1/2"]
[WhiteElo "2585"]
[BlackElo "2570"]
[Annotator "ChessBase"]
[PlyCount "81"]
[EventDate "1983.04.03"]
[EventType "tourn"]
[EventRounds "17"]
[EventCountry "URS"]
[EventCategory "14"]
[SourceTitle "URS-ch"]
[Source "ChessBase"]
[SourceDate "1999.07.01"]
[SourceVersion "1"]
[SourceVersionDate "1999.07.01"]
[SourceQuality "1"]

1. c4 e6 2. Nc3 d5 3. d4 Nf6 4. Bg5 Be7 5. e3 h6 6. Bh4 O-O 7. Nf3 b6 8. Qc2
Bb7 9. Rd1 Nbd7 10. cxd5 Nxd5 11. Bg3 c5 12. dxc5 Rc8 13. e4 Nxc3 14. bxc3 Rxc5
15. Ne5 Nxe5 16. Rxd8 Rxd8 17. Bxe5 Rxe5 18. Bd3 Rc5 19. O-O Bf6 20. c4 Ba6 21.
Qa4 Rxd3 22. Qxa6 Ra5 23. Qc8+ Rd8 24. Qc7 Rxa2 25. e5 Bg5 26. g3 Rdd2 27. Qc8+
Bd8 28. Re1 Kh7 29. Qb7 Rxf2 30. Rf1 Be7 31. Rxf2 Bc5 32. Kh1 Rxf2 $17 33. Qxa7
g5 $2 (33... g6 $142 34. Qb7 Kg7 35. Qe4 Rd2 36. h3 h5 37. Qf3 Rd4 38. Qe2 Bf8
39. Kg2 Rd8 40. Qf2 Rc8 41. Qxb6 Rxc4 42. Kf3 Rc5 43. Ke4 Rd5 44. Qb7 Bc5 45.
g4 hxg4 46. hxg4 Bf2 (46... Bd4 $2 47. Qxd5 $10) 47. Qb3 Bg1 48. Qa2 Bb6 49.
Qc2 Bd4 $17 {Beliavsky}) 34. Qb7 Kg7 35. Qe4 h5 36. h3 h4 37. gxh4 Rf1+ 38. Kg2
Rf4 39. Qd3 gxh4 40. Qd8 Kg6 41. Qg8+ (41. Qg8+ Kf5 42. Qxf7+ Kxe5 43. Qg7+ Kd6
(43... Ke4 44. Qg6+ $10) 44. Qg5 Rxc4 45. Qd8+ Ke5 46. Qg5+ $10 {Beliavsky})
1/2-1/2